Library Logo

Pioneer International University Library Catalogue

Conductors and semiconductors (Record no. 1304)

MARC details
000 -LEADER
fixed length control field 00274nam a22000977a 4500
005 - DATE AND TIME OF LATEST TRANSACTION
control field 20250901165252.0
008 - FIXED-LENGTH DATA ELEMENTS--GENERAL INFORMATION
fixed length control field 210303b ||||| |||| 00| 0 eng d
050 ## - LIBRARY OF CONGRESS CALL NUMBER
Classification number QC611
245 ## - TITLE STATEMENT
Title Conductors and semiconductors
Statement of responsibility, etc. HOLDEN, ALAN
942 ## - ADDED ENTRY ELEMENTS (KOHA)
Source of classification or shelving scheme Library of Congress Classification
Classification part QC611 .H65 1964
Holdings
Withdrawn status Lost status Source of classification or shelving scheme Damaged status Not for loan Home library Current library Shelving location Date acquired Total checkouts Full call number Barcode Date last seen Price effective from Koha item type
    Library of Congress Classification     Main Library Main Library   03/03/2021   QC611 .H65 1964 PIU0190620 03/03/2021 03/03/2021 Books